Niemiec czasowniki czy cos - Statystyki

Ogólne statystyki
  • Ten quiz został rozwiązany 171 razy
  • Średni wynik to 73 z 237
Statystyki odpowiedzi
Hint Odpowiedź % Poprawnych
piec(Bez) backen
100%
zaczynać(Bez) beginnen
90%
prosić(Bez) bitten
70%
piec(Pra) buk/backte
70%
jeść(Bez) essen
70%
piec(Per) gebacken/gebackt
70%
zaczynać(Per) begonnen
60%
oferować(Bez) bieten
60%
przynosić(Bez) bringen
60%
upadać(Bez) fallen
60%
jeść(Per) gegessen
60%
iść, chodzić(Bez) gehen
60%
jeść(Pra)
50%
myśleć(Bez) denken
50%
jechać(Bez) fahren
50%
znajdować; uważać(Bez) finden
50%
oferować(Per) geboten
50%
mieć(Bez) haben
50%
wisieć(Bez) hängen
50%
pomagać(Bez) helfen
50%
czytać(Pra) las
50%
czytać(Bez) lesen
50%
leżeć(Bez) liegen
50%
brać(Pra) nahm
50%
brać(Bez) nehmen
50%
pisać(Bez) schreiben
50%
być(Bez) sein
50%
śpiewać(Bez) singen
50%
siedzieć(Bez) sitzen
50%
prosić(Pra) bat
40%
zostawać(Bez) bleiben
40%
oferować(Pra) bot
40%
łamać(Pra) brach
40%
myśleć(Pra) dachte
40%
polecać(Pra) empfahl
40%
polecać(Bez) empfehlen
40%
łapać, chwytać(Bez) fangen
40%
latać(Bez) fliegen
40%
latać(Pra) flog
40%
jeść (o zwierzętach); żreć(Bez) fressen
40%
jechać(Pra) fuhr
40%
dawać(Pra) gab
40%
dawać(Bez) geben
40%
myśleć(Per) gedacht
40%
jechać(Per) gefahren
40%
upadać(Per) gefallen
40%
znajdować; uważać(Per) gefunden
40%
iść, chodzić(Per) gegangen
40%
wisieć(Per) gehangen
40%
pomagać(Per) geholfen
40%
biegać(Per) gelaufen
40%
czytać(Per) gelesen
40%
brać(Per) genommen
40%
wygrywać(Bez) gewinnen
40%
wygrywać(Per) gewonnen
40%
iść, chodzić(Pra) ging
40%
chwytać(Bez) greifen
40%
trzymać; uważać(Bez) halten
40%
mieć(Pra) hatte
40%
nazywać się(Bez) heißen
40%
ładować(Bez) laden
40%
leżeć(Pra) lag
40%
biegać(Bez) laufen
40%
biegać(Pra) lief
40%
kłamać(Bez) lügen
40%
spać(Bez) schlafen
40%
pływać(Pra) schwamm
40%
pływać(Bez) schwimmen
40%
widzieć, patrzeć(Bez) sehen
40%
mówić(Pra) sprach
40%
mówić(Bez) sprechen
40%
stać(Bez) stehen
40%
nosić(Bez) tragen
40%
pić(Bez) trinken
40%
gubić; tracić; przegrywać(Bez) verlieren
40%
zaczynać(Pra) begann
30%
zostawać(Pra) blieb
30%
przynosić(Pra) brachte
30%
smażyć(Bez) braten
30%
łamać(Bez) brechen
30%
przyjmować(np. gości)(Bez) | przyjmować(np. gości)(Per) empfangen
30%
polecać(Per) empfohlen
30%
znajdować; uważać(Pra) fand
30%
upadać(Pra) fiel
30%
łapać, chwytać(Pra) fing
30%
jeść (o zwierzętach); żreć(Pra) fraß
30%
prosić(Per) gebeten
30%
zostawać(Per) geblieben
30%
przynosić(Per) gebracht
30%
łapać, chwytać(Per) gefangen
30%
latać(Per) geflogen
30%
jeść (o zwierzętach); żreć(Per) gefressen
30%
dawać(Per) gegeben
30%
chwytać(Per) gegriffen
30%
mieć(Per) gehabt
30%
trzymać; uważać(Per) gehalten
30%
nazywać się(Per) geheißen
30%
znać(Per) gekannt
30%
przychodzić, przybywać, pochodzić(Per) gekommen
30%
ładować(Per) geladen
30%
kazać; pozwalać; zostawiać; zlecać(Per) gelassen
30%
leżeć(Per) gelegen
30%
kłamać(Per) gelogen
30%
spać(Per) geschlafen
30%
zamykać(Per) geschlossen
30%
pisać(Per) geschrieben
30%
krzyczeć(Per) geschrien
30%
pływać(Per) geschwommen
30%
widzieć, patrzeć(Per) gesehen
30%
siedzieć(Per) gesessen
30%
mówić(Per) gesprochen
30%
stać(Per) gestanden
30%
śpiewać(Per) gesungen
30%
nosić(Per) getragen
30%
spotykać(Per) getroffen
30%
wygrywać(Pra) gewann
30%
chwytać(Pra) griff
30%
pomagać(Pra) half
30%
podnosić(Bez) heben
30%
trzymać; uważać(Pra) hielt
30%
nazywać się(Pra) hieß
30%
wisieć(Pra) hing
30%
przychodzić, przybywać, pochodzić(Pra) kam
30%
znać(Pra) kannte
30%
znać(Bez) kennen
30%
przychodzić, przybywać, pochodzić(Bez) kommen
30%
kazać; pozwalać; zostawiać; zlecać(Bez) lassen
30%
cierpieć(Bez) leiden
30%
kazać; pozwalać; zostawiać; zlecać(Pra) ließ
30%
kłamać(Pra) log
30%
ładować(Pra) lud
30%
nazywać(Bez) nennen
30%
radzić(Bez) raten
30%
jeździć konno(Bez) reiten
30%
jeździć konno(Pra) ritt
30%
widzieć, patrzeć(Pra) sah
30%
śpiewać(Pra) sang
30%
siedzieć(Pra) saß
30%
tworzyć(Bez) schaffen
30%
spać(Pra) schlief
30%
zamykać(Bez) schließen
30%
zamykać(Pra) schloss
30%
krzyczeć(Bez) schreien
30%
krzyczeć(Pra) schrie
30%
pisać(Pra) schrieb
30%
skakać(Bez) springen
30%
stać(Pra) stand
30%
robić, czynić(Pra) tat
30%
spotykać(Bez) treffen
30%
nosić(Pra) trug
30%
robić, czynić(Bez) tun
30%
zapominać(Pra) vergaß
30%
zapominać(Bez) | zapominać(Per) vergessen
30%
gubić; tracić; przegrywać(Pra) verlor
30%
gubić; tracić; przegrywać(Per) verloren
30%
być(Pra) war
30%
myć; prać(Bez) waschen
30%
ciągnąć(Bez) ziehen
30%
smażyć(Pra) briet
20%
przyjmować(np. gości)(Pra) empfing
20%
smażyć(Per) gebraten
20%
łamać(Per) gebrochen
20%
podnosić(Per) gehoben
20%
cierpieć(Per) gelitten
20%
nazywać genannt
20%
jeździć konno(Per) geritten
20%
wołać(Per) gerufen
20%
bić, uderzać(Per) geschlagen
20%
skakać(Per) gesprungen
20%
umierać(Per) gestorben
20%
kłócić się(Per) gestritten
20%
robić, czynić(Per) getan
20%
pić(Per) getrunken
20%
rosnąć(Per) gewachsen
20%
myć; prać(Per) gewaschen
20%
być(Per) gewesen
20%
ciągnąć(Per) gezogen
20%
podnosić(Pra) hob
20%
pożyczać(Bez) leihen
20%
pożyczać(Pra) lieh
20%
cierpieć(Pra) litt
20%
nazywać(Pra) nannte
20%
pędzić(Bez) rennen
20%
wołać(Pra) rief
20%
radzić(Pra) riet
20%
wołać(Bez) rufen
20%
bić, uderzać(Bez) schlagen
20%
bić, uderzać(Pra) schlug
20%
tworzyć(Pra) schuf
20%
skakać(Pra) sprang
20%
umierać(Pra) starb
20%
umierać(Bez) sterben
20%
kłócić się(Bez) streiten
20%
kłócić się(Pra) stritt
20%
spotykać(Pra) traf
20%
pić(Pra) trank
20%
rosnąć(Bez) wachsen
20%
stawać się; zostawać(Bez) werden
20%
ważyć(Bez) wiegen
20%
wiedzieć(Bez) wissen
20%
rosnąć(Pra) wuchs
20%
myć; prać(Pra) wusch
20%
ciągnąć(Pra) zog
20%
uciekać(Bez) fiehen
10%
uciekać(Pra) floh
10%
radzić(Per) garaten
10%
uciekać(Per) geflohen
10%
pożyczać(Per) geliehen
10%
pędzić(Per) gerannt
10%
tworzyć(Per) geschaffen
10%
kroić(Per) geschnitten
10%
strzelać(Per) geschossen
10%
wspinać się; wzrastać(Per) gestiegen
10%
uprawiać(np. sport)(Per) getrieben
10%
ważyć(Per) gewogen
10%
stawać się; zostawać(Per) geworden
10%
rzucać(Per) geworfen
10%
wiedzieć(Per) gewusst
10%
pędzić(Pra) rannte
10%
strzelać(Bez) schießen
10%
kroić(Bez) schneiden
10%
kroić(Pra) schnitt
10%
strzelać(Pra) schoss
10%
wspinać się; wzrastać(Bez) steigen
10%
wspinać się; wzrastać(Pra) stieg
10%
uprawiać(np. sport)(Bez) treiben
10%
uprawiać(np. sport)(Pra) trieb
10%
znikać(Pra) verschwand
10%
znikać(Bez) verschwinden
10%
rzucać(Pra) warf
10%
rzucać(Bez) werfen
10%
ważyć(Pra) wog
10%
stawać się; zostawać(Pra) wurde
10%
wiedzieć(Pra) wusste
10%
znikać(Per) verschwunden
0%
Nie znaleziono quizów pasujących do podanych kryteriów
Rozkład punktacji
Procent ludzi z każdym wynikiem
Percentyl według liczby udzielonych odpowiedzi
Twoja historia wyników
Nie rozwiązałeś tego quizu